ROBUSTNESS OF INTERVAL TOEPLITZ MATRICES IN FUZZY ALGEBRA

Bibliographic Details
Main Author: Myšková, Helena (Author)
Format: Article
Language:English

MARC

LEADER 00000nab a2200000uu 4500
001 vtls011135785
003 SK-MaSNL
005 20260303151250.0
008 230222|2012 xo |||||||||||||||||eng|
015 |a SNBRB 
035 |a (urnnbn)urn:nbn:sk:snk:ar-007gin 
035 |a (uuid)7b4f5474-b6d9-4343-8e73-71157a1aa927 
035 |a urn:nbn:sk:snk-abaorx 
040 |a SNKBUCL  |b slo  |c SNKBUCL  |e AACR2 
041 0 |a eng 
044 |a xo  |c SK 
100 1 |a Myšková, Helena  |4 aut  |9 81631 
245 1 0 |a ROBUSTNESS OF INTERVAL TOEPLITZ MATRICES IN FUZZY ALGEBRA  |c Helena Myšková 
773 0 |t Acta electrotechnica et informatica  |g Roč. 12, č. 4 (2012), s. 56-60 
958 |a OND 
958 |a EUIPO 
958 |a article14 
999 |c 2016802  |d 2018732